| 000 | 01016cam a2200217 4500 | ||
|---|---|---|---|
| 008 | 000000n2003 000 0 eng u | ||
| 020 | _a1900858894 | ||
| 035 | _a(Sirsi) u121766 | ||
| 110 |
_aBuilding Maintenance Information _93229 |
||
| 245 | _aOccupancy costs of university teaching blocks | ||
| 260 |
_aLondon _bBMI _c2003 |
||
| 300 |
_a84p. _bill. _c30cm. |
||
| 490 |
_aBMI Special Report _v317 |
||
| 520 | _aProvides current occupancy benchmarks for two university teaching blocks. Shows the projected annual occupancy costs for two schemes which will provide a strategic benchmark for similar buildings. This item is part of a subscription service and cannot be photocopied. Neither can any part of it be read over the phone. Please contact BMI direct on +44 (0)20 7695 1500 for details. | ||
| 650 | _aBENCHMARKING | ||
| 650 | _aOCCUPANCY COSTS | ||
| 650 | _aOCCUPANCY COST PLANS | ||
| 650 | _aUNIVERSITY TEACHING BLOCKS | ||
| 690 | _aBUILDING AND CONSTRUCTION-REPAIRS AND MAINTENANCE | ||
| 942 | _n0 | ||
| 999 |
_c102729 _d102729 |
||